|
|
|
|
| LEADER |
01951nam a2200337 a 4500 |
| 001 |
2441194 |
| 008 |
100218s1987 sz b i000 0 eng d |
| 010 |
|
|
|a 88118461
|
| 040 |
|
|
|a DLC
|c DLC
|d DLC
|
| 082 |
0 |
0 |
|a 322.4/4/09861
|2 19
|
| 100 |
1 |
|
|a Rivera Cusicanqui, Silvia.
|
| 240 |
1 |
0 |
|a Política e ideología en el movimiento campesino colombiano.
|l English
|
| 245 |
1 |
4 |
|a The politics and ideology of the Colombian peasant movement :
|b the case of ANUC (National Association of Peasant Smallholders) /
|c Silvia Rivera Cusicanqui ; preface by Daniel Pécaut ; post-script by Ernesto Parra Escobar ; [U.N. translation from Spanish edited by Susan Frenk].
|
| 260 |
|
|
|a Geneva :
|b UNRISD ;
|a [Bogotá] :
|b CINEP,
|c 1987.
|
| 300 |
|
|
|a xviii, 226 p. ;
|c 21 cm.
|
| 490 |
1 |
|
|a Report / United Nations Research Institute for Social Development ;
|v no. 86.7
|
| 500 |
|
|
|a Translation of: Política e ideología en el movimiento campesino colombiano.
|
| 504 |
|
|
|a Includes bibliography: p. 215-222.
|
| 541 |
1 |
|
|e 00003098
|
| 610 |
2 |
0 |
|a Asociación Nacional de Usuarios Campesinos (Colombia)
|
| 650 |
|
0 |
|a Peasants
|x Political activity
|z Colombia.
|
| 650 |
|
0 |
|a Agriculture and state
|z Colombia.
|
| 650 |
|
0 |
|a Rural development
|z Colombia.
|
| 700 |
1 |
|
|a Parra Escobar, Ernesto.
|
| 710 |
2 |
|
|a United Nations Research Institute for Social Development.
|
| 710 |
2 |
|
|a Centro de Investigación y Educación Popular.
|
| 830 |
|
0 |
|a Report (United Nations Research Institute for Social Development) ;
|v no. 86.7.
|
| 852 |
4 |
|
|a Ayesha Abed Library
|j General shelf
|
| 999 |
|
|
|c 7618
|d 7618
|
| 952 |
|
|
|0 0
|1 0
|2 ddc
|4 0
|6 322_440986100000000_RIV_1987
|7 0
|9 8317
|a BRACUL
|b BRACUL
|c GEN
|d 2010-02-18
|g 0.00
|l 0
|o 322.4409861 RIV
|p 3010003098
|r 2010-02-18
|t 1
|w 2010-02-18
|y BK
|z Not price in Register
|
| 952 |
|
|
|0 0
|1 0
|2 ddc
|4 0
|6 322_440986100000000_RIV_1987
|7 0
|9 8318
|a BRACUL
|b BRACUL
|c GEN
|d 2010-02-18
|g 0.00
|l 0
|o 322.4409861 RIV
|p 3010003097
|r 2010-02-18
|t 2
|w 2010-02-18
|y BK
|z Not price in Register
|